Sitcoms, Characters, and Actors Quiz Stats

 Plays Quiz Updated Feb 22, 2014

Also try: Name That Sitcom
Challenge
Share
Tweet
Score 0/44 Timer 07:00
3 Plays Today
% Correct
Friends
92.9%
Jerry Seinfeld
92.3%
The Big Bang Theory
91.3%
Jerry Seinfeld
90.5%
Seinfeld
89.7%
The Office
89.5%
Joey Tribbiani
86.7%
Ross Geller
86.2%
Rachel Green
85.7%
Chandler Muriel Bing
84.9%
Phoebe Buffay
84.4%
Monica Geller
83.6%
Jennifer Aniston
82.9%
Sheldon Cooper
78.1%
Cosmo Kramer
75.2%
Penny
71.8%
Elaine Benes
71.7%
Courteney Cox
71.4%
George Costanza
71.2%
Ryan Howard
69.4%
Matthew Perry
67.3%
Jim Halpert
66.8%
% Correct
David Schwimmer
66.8%
Steve Carell
66.6%
Raj Koothrappali
66.5%
Matt LeBlanc
66.5%
Michael Scott
65.8%
Leonard Hofstadter
65.5%
Lisa Kudrow
64.6%
Dwight Schrute
64%
Pam Beesly-Halpert
60.5%
Howard Wolowitz
59.2%
Kaley Cuoco
52.7%
Julia Louis-Dreyfus
52.6%
Jason Alexander
52.2%
Jim Parsons
51.3%
Michael Richards
44.5%
Rainn Wilson
39%
John Krasinski
36.6%
Johnny Galecki
31.7%
B.J. Novak
31.6%
Jenna Fischer
30.3%
Simon Helberg
16%
Kunal Nayyar
12.7%

You're not logged in!

Compare scores with friends on all Sporcle quizzes.
Join for Free
OR
Log In

You Might Also Like...

Show Comments

Extras

Top Quizzes Today


Score Distribution

Your Account Isn't Verified!

In order to create a playlist on Sporcle, you need to verify the email address you used during registration. Go to your Sporcle Settings to finish the process.

Report this User

Report this user for behavior that violates our Community Guidelines.

Details: